| 000 | 00392nam a22001577a 4500 | ||
|---|---|---|---|
| 020 | _a0-571-22683-3 | ||
| 082 |
_a823 _bBIR/W |
||
| 100 | _aBIRNEY, BETTY.G | ||
| 245 |
_aTHE WORLD ACCORDING HUMPHREY _bSHORT STORY |
||
| 246 |
_aTHE WORLD ACCORDING _bHEMPHREY |
||
| 260 |
_aUSA _bFABER AND FABER LIMITED _c2006 |
||
| 300 | _a142 | ||
| 520 | _aSHORT STORY | ||
| 650 | _aSHORT STORY | ||
| 942 | _cBK | ||
| 999 |
_c1855 _d1855 |
||